Statistics for Name Every Breaking Bad Episode!

Click here to take the quiz!

General Stats

  • This quiz has been taken 3,472 times
    (1,736 since last reset)
  • The average score is 21 of 62

Answer Stats

HintAnswer% Correct
S1E1Pilot (Breaking Bad)
90%
S5E16Felina
83%
S5E14Ozymandias
77%
S3E10Fly
70%
S4E13Face Off
60%
S2E8Better Call Saul
59%
S5E15Granite State
54%
S2E13ABQ
53%
S3E12Half measure
51%
S1E2Cats in the bag
50%
S3E13Full measure
50%
S1E3And The Bags In The River
47%
S1E4Cancer Man
46%
S1E5Gray Matter
46%
S4E1Box Cutter
43%
S2E10Over
42%
S2E4Down
39%
S5E13To'hajiilee
37%
S4E11Crawl Space
36%
S5E7Say My Name
36%
S2E7Negro y Azul
35%
S2E1Seven Thirty-Seven
35%
S3E1No Mas
33%
S4E8Hermanos
32%
S5E12Rabid Dog
32%
S3E5Mas
31%
S2E12Phoenix
31%
S4E10Salud
31%
S2E94 Days Out
30%
S5E1Live Free Or Die
30%
S3E7One Minute
30%
S1E6Crazy Handful of Nothin
29%
S5E5Dead Freight
28%
S4E12End Times
28%
S2E2Grilled
28%
S5E2Madrigal
28%
S5E11Confessions
27%
S5E8Gliding Over All
27%
S2E11Mandala
27%
S5E9Blood Money
26%
S3E3IFT
26%
S2E6Peek a boo
26%
S1E7A No-Rough-Stuff-Type Deal
25%
S2E3Bit by a Dead Bee
24%
S4E7Problem Dog
23%
S3E9Kafkaesque
22%
S3E11Abiquiu
21%
S4E9Bug
21%
S3E2Caballo Sin Nombre
21%
S5E4Fifty one
21%
S4E3Open House
21%
S4E5Shotgun
21%
S3E6Sunset
21%
S2E5Breakage
20%
S3E4Green Light
19%
S5E3Hazard pay
19%
S4E2Thirty Eight Snub
19%
S5E10Buried
18%
S3E8I See You
18%
S4E6Cornered
17%
S4E4Bullet Points
16%
S5E6Buyout
16%

Score Distribution

Percentile by Number Answered

Percent of People with Each Score

Your Score History

You have not taken this quiz since the last reset